000 00660nam a22001937a 4500
005 20210507091845.0
008 210507b mx ||||| |||| 00| 0 spa d
020 _a9709225707
050 0 4 _aKGF3003
_bA28 1999
100 1 _aAcuña Llamas, Francisco Javier
245 1 3 _aLa CNDH una institución a medio camino
_b: propuestas para su urgente transformación
_c/ Francisco Javier Acuña Llamas.
250 _a1a ed.
260 _aMéxico :
_bGrupo Mandala Editores,
_c1999
300 _a299 p. ;
_c23 cm.
490 0 _aEnsayos Jurídicos-Políticos
504 _aBibliografía : p. 289-299
650 7 _2lemb
_aDerechos humanos
_zMéxico
942 _2lcc
_cLIB
999 _c155701
_d155699